جوانب الحماية القانونية لاستخدام العلامة التجارية في بيئة التجارة الالكترونية الدولية =Aspects of Legal Trademark Protection in the International E-Commerce Environment / (Record no. 32293)
[ view plain ]
| 000 -LEADER | |
|---|---|
| fixed length control field | 01180nam a2200241Ii 4500 |
| 003 - CONTROL NUMBER IDENTIFIER | |
| control field | JO-AjNU |
| 005 - DATE AND TIME OF LATEST TRANSACTION | |
| control field | 20240629115845.0 |
| 008 - FIXED-LENGTH DATA ELEMENTS--GENERAL INFORMATION | |
| fixed length control field | 230605s9999||||xx |||||||||||||| ||und|| |
| 040 ## - CATALOGING SOURCE | |
| Original cataloging agency | JO-AjNU |
| Language of cataloging | ara |
| Description conventions | rda |
| Transcribing agency | JO-AjNU |
| 041 ## - LANGUAGE CODE | |
| Language code of text/sound track or separate title | ara |
| 050 14 - LIBRARY OF CONGRESS CALL NUMBER | |
| Classification number | KMM122 2022 |
| 100 #1 - MAIN ENTRY--PERSONAL NAME | |
| Personal name | العمري، فارس محمود كايد |
| Relator term | معد |
| 9 (RLIN) | 65802 |
| 245 #0 - TITLE STATEMENT | |
| Title | جوانب الحماية القانونية لاستخدام العلامة التجارية في بيئة التجارة الالكترونية الدولية =Aspects of Legal Trademark Protection in the International E-Commerce Environment / |
| Statement of responsibility, etc. | اعداد فارس محمود كايد العمري؛ اشراف احمد فهد البطوش |
| 264 31 - PRODUCTION, PUBLICATION, DISTRIBUTION, MANUFACTURE, AND COPYRIGHT NOTICE | |
| Place of production, publication, distribution, manufacture | 2022 |
| 300 ## - PHYSICAL DESCRIPTION | |
| Extent | 99 ورقة |
| 336 ## - CONTENT TYPE | |
| Content type term | text |
| Content type code | txt |
| Source | rdacontent |
| 337 ## - MEDIA TYPE | |
| Media type term | unmediated |
| Media type code | n |
| Source | rdamedia |
| 338 ## - CARRIER TYPE | |
| Carrier type term | volume |
| Carrier type code | nc |
| Source | rdacarrier |
| 500 ## - GENERAL NOTE | |
| General note | رسالة جامعية(اطروحة ماجستير) جامعة عجلون الوطنية، كليةالحقوق تخصص القانون 2022 |
| 650 #4 - SUBJECT ADDED ENTRY--TOPICAL TERM | |
| Topical term or geographic name entry element | العلامه التجارية-قوانين-تشريعات |
| 9 (RLIN) | 63341 |
| 700 #1 - ADDED ENTRY--PERSONAL NAME | |
| Personal name | البطوش، أحمد فهد |
| 9 (RLIN) | 59198 |
| Relator term | مشرف |
| 942 ## - ADDED ENTRY ELEMENTS (KOHA) | |
| Source of classification or shelving scheme | Library of Congress Classification |
| Koha item type | Thesis |
| Withdrawn status | Lost status | Source of classification or shelving scheme | Damaged status | Not for loan | Home library | Current library | Shelving location | Date acquired | Total Checkouts | Full call number | Barcode | Date last seen | Price effective from | Koha item type |
|---|---|---|---|---|---|---|---|---|---|---|---|---|---|---|
| Library of Congress Classification | مكتبة جامعة عجلون الوطنية | مكتبة جامعة عجلون الوطنية | المراجع | 06/06/2023 | KMM122 2022 | A28725 | 06/06/2023 | 06/06/2023 | Thesis | |||||
| Library of Congress Classification | مكتبة جامعة عجلون الوطنية | مكتبة جامعة عجلون الوطنية | 29/06/2024 | KMM122 2022 | a28724 | 29/06/2024 | 29/06/2024 | Thesis |